Multiple 'V' Words Quiz Stats

 Plays Quiz Updated Jan 24, 2020

Support Sporcle.
Go Orange.
Score 0/26 Timer 05:00
1 Play Today
Definition Answer % Correct
Verb meaning to restore conciousnessRevive
89.4%
Three quarters expressed in percentSeventy-five
86.9%
The second largest city in IsraelTel Aviv
85.2%
Volcano best known for its eruption in AD 79Vesuvius
79.4%
Enthusiasm or livelinessVerve
68.8%
Canada's third largest metropolitan areaVancouver
68.1%
18th century Venetian composer, best known for his concertos 'The Four Seasons'Vivaldi
67.3%
A European automotive and heavy equipment manufacturerVolvo
66.6%
Narration accompanying a movie trailer or commercialVoiceover
64.8%
To remain alive, especially after the death of someone elseSurvive
62.6%
Device which regulates the flow of fluidsValve
60.9%
Repeating firearm with multiple chambersRevolver
58.7%
A type of woven fabric, also a type of cakeVelvet
57.7%
Definition Answer % Correct
Strikingly bright or intenseVivid
57%
Nobel prize-winning Russian physician and psychologist known for describing the phenomenon of classical conditioningPavlov
55.8%
Genre of variety entertainment in Canada and the USA from the 1880s to the 1930sVaudeville
49.4%
Verb describing a gradual change to adapt to a different state or conditionEvolve
48.5%
Word that describes a political stance that supports tradition and the status quoConservative
41.5%
Tending to avoid or to be elusiveEvasive
37.4%
A village and university located in the US state of PennsylvaniaVillanova
34.1%
Something secondary, or obtained from something else; a central element of differential calculusDerivative
31.4%
An automotive gear where the drive shaft turns faster than the engineOverdrive
28.3%
Particularly novel or original, especially in technologyInnovative
26.8%
Famous drawing by Leonardo Da Vinci depicting human proportionsVitruvian Man
20.8%
Tending to incite, or evoke a strong reactionProvocative
18.8%
Practical know-how; intelligent professionalismSavvy
6.2%

From the Vault

What Insect Is This?

by Pilgab

Science 5m
Insect puns really bug us, so we won't put any here.
Remove Ads.
Support Sporcle.
Get the best of Sporcle when you Go Orange. This ad-free experience offers more features, more stats, and more fun while also helping to support Sporcle. Thank you for becoming a member.

Show Comments

Extras

Top Quizzes Today


Score Distribution

Your Account Isn't Verified!

In order to create a playlist on Sporcle, you need to verify the email address you used during registration. Go to your Sporcle Settings to finish the process.

Report this User

Report this user for behavior that violates our Community Guidelines.

Details: